| 000 | 00485nam a22001811a 4500 | ||
|---|---|---|---|
| 001 | 4956 | ||
| 003 | OSt | ||
| 005 | 20260204211955.0 | ||
| 008 | 051011s1986||||dr ||||||b||||||||||spa|| | ||
| 050 | _aRD 861.44 G937d | ||
| 100 | _aGuerrero Pou, Wenceslao | ||
| 245 | _aDonde nos mira el día (1945-1953) / Wenceslao Guerrero Pou | ||
| 264 | _aSanto Domingo: Biblioteca Nacional | ||
| 300 | _a166 p | ||
| 490 | _aColección Orfeo | ||
| 650 | _a1.Poesía DominicanaÌ | ||
| 942 |
_2ddc _cBK |
||
| 999 |
_c4956 _d4956 |
||